000
00248nam a2200109Ia 4500
008
230724s2007 xx und d
041
_a
eng
100
_a
BONO E.DE
245
_a
SIX THINKING HATS
260
_b
PENGUIN BOOKS
_c
2007
300
_a
177
999
_c
1173960
_d
1173960